|
|
|
|
| LEADER |
00000nam0a2200000 4500 |
| 001 |
99912 |
| 005 |
20231031111952.0 |
| 035 |
|
|
|a (RuTPU)RU\TPU\book\107451
|
| 035 |
|
|
|a RU\TPU\book\107449
|
| 090 |
|
|
|a 99912
|
| 100 |
|
|
|a 20060731d1976 k y0rusy50 ca
|
| 101 |
0 |
|
|a rus
|
| 102 |
|
|
|a LV
|
| 105 |
|
|
|a y z 100zy
|
| 200 |
1 |
|
|a Окраска по ржавчине. 1976
|e тезисы докладов Всесоюзного семинара
|f под ред. О. К. Кукурса
|
| 210 |
|
|
|a Рига
|c Зинатне
|d 1976
|
| 215 |
|
|
|a 35 с.
|
| 610 |
1 |
|
|a химическая технология
|
| 610 |
1 |
|
|a лакокрасочные покрытия
|
| 610 |
1 |
|
|a ржавчина
|
| 610 |
1 |
|
|a окраска
|
| 675 |
|
|
|a 669:620.197(063)
|v 3
|
| 702 |
|
1 |
|a Кукурс
|b О. К.
|4 340
|
| 801 |
|
1 |
|a RU
|b 63413507
|c 20060731
|g PSBO
|
| 801 |
|
2 |
|a RU
|b 63413507
|c 20070427
|g PSBO
|
| 942 |
|
|
|c BK
|